00364 2200145 4500001002100000005001500021035002000036245005500056100002500111300001200136260003600148082000800184084001400192990001200206INLIS00000000000234220250528102519 a0010-05250006341 aMenulis Itu Ibarat Ngomong /cSeptiawan Santana K.0 aSeptiawan Santana K. a140 hlm aJakarta :bKawan Pustaka,c2007 a400 a400 SEP m a0712341